Berzirkshauptstädte Österreichs nach Einwohner - Statistiken

Allgemein
  • Dieses Quiz wurde 112 mal gespielt
  • Das Durchschnittsergebnis liegt bei 29 aus 81
Antwortstatistiken
Einwohner Stadt Bundesland % Korrekt
291.072 Graz Steiermark
100%
155.021 Salzburg Salzburg
100%
1.911.191 Wien Wien
100%
131.961 Innsbruck Tirol
99%
101.300 Klagenfurt am Wörthersee Kärnten
98%
206.595 Linz Oberösterreich
98%
62.882 Villach Kärnten
88%
55.514 St. Pölten Niederösterreich
85%
62.470 Wels Oberösterreich
82%
49.872 Dornbirn Vorarlberg
81%
29.711 Bregenz Vorarlberg
76%
34.210 Feldkirch Vorarlberg
71%
45.823 Wiener Neustadt Niederösterreich
71%
38.056 Steyr Oberösterreich
69%
21.314 Hallein Salzburg
56%
19.527 Kufstein Tirol
56%
24.471 Leoben Steiermark
56%
14.816 Eisenstadt Burgenland
55%
25.093 Baden Niederösterreich
49%
25.025 Wolfsberg Kärnten
49%
14.845 Bludenz Vorarlberg
48%
24.876 Krems an der Donau Niederösterreich
48%
13.791 Schwaz Tirol
42%
23.816 Amstetten Niederösterreich
40%
17.518 Braunau am Inn Oberösterreich
39%
13.275 Gmunden Oberösterreich
37%
20.564 Mödling Niederösterreich
36%
8.225 Kitzbühel Tirol
33%
15.300 Spittal an der Drau Kärnten
31%
12.378 Vöcklabruck Oberösterreich
31%
10.765 Imst Tirol
30%
11.905 Lienz Tirol
30%
7.456 Mattersburg Burgenland
30%
6.918 Reutte Tirol
30%
7.633 Landeck Tirol
29%
12.220 Ried im Innkreis Oberösterreich
29%
1.980 Rust Burgenland
29%
9.879 Zell am See Salzburg
29%
7.600 Oberwart Burgenland
27%
11.235 St. Johann im Pongau Salzburg
27%
14.270 Feldkirchen in Kärnten Kärnten
25%
8.585 Neusiedl am See Burgenland
25%
4.559 Kirchdorf an der Krems Oberösterreich
24%
15.787 Bruck an der Mur Steiermark
23%
7.981 Freistadt Oberösterreich
23%
3.204 Oberpullendorf Burgenland
23%
5.219 Rohrbach Oberösterreich
23%
5.269 Schärding Oberösterreich
23%
12.386 St. Veit an der Glan Kärnten
23%
16.230 Tulln an der Donau Niederösterreich
23%
4.987 Grieskirchen Oberösterreich
21%
3.667 Güssing Burgenland
21%
4.111 Jennersdorf Burgenland
21%
11.797 Weiz Steiermark
21%
4.259 Eferding Oberösterreich
20%
13.450 Feldbach Steiermark
20%
6.886 Hermagor Kärnten
20%
10.899 Völkermarkt Kärnten
20%
13.331 Korneuburg Niederösterreich
19%
12.437 Leibnitz Steiermark
19%
5.741 Tamsweg Salzburg
18%
8.266 Liezen Steiermark
17%
8.837 Perg Oberösterreich
17%
11.663 Deutschlandsberg Steiermark
15%
6.428 Horn Niederösterreich
15%
9.853 Judenburg Steiermark
15%
9.419 Voitsberg Steiermark
15%
11.643 Gänserndorf Niederösterreich
14%
11.882 Hollabrunn Niederösterreich
14%
12.721 Neunkirchen Niederösterreich
14%
11.583 Mistelbach Niederösterreich
13%
10.779 Zwettl Niederösterreich
13%
2.664 Lilienfeld Niederösterreich
12%
5.338 Gmünd Niederösterreich
11%
6.795 Hartberg Steiermark
11%
5.630 Melk Niederösterreich
11%
3.499 Murau Steiermark
11%
11.222 Waidhofen an der Ybbs Niederösterreich
11%
4.132 Scheibbs Niederösterreich
10%
5.365 Waidhofen an der Thaya Niederösterreich
10%
8.036 Bruck an der Leitha Niederösterreich
7%
Keine übereinstimmenden Quizze gefunden
Verteilung der Resultate
Anzahl Personen mit jedem Resultat
Perzentil nach korrekt beantworteten Fragen
Ihre Resultats-Entwicklung
Sie haben dieses Quiz noch nicht gespielt